Left thoracic duct in donkey

Elmentve itt :
Bibliográfiai részletek
Szerzők: Paryani Mohammad Reza
Gilanpour Hassan
Testületi szerző: International Symposium of Morphological Sciences, 19., 2007, Budapest
Dokumentumtípus: Cikk
Megjelent: 2007
Sorozat:Acta biologica Szegediensis 51 No. supple
Kulcsszavak:Természettudomány, Biológia
Online Access:http://acta.bibl.u-szeged.hu/22869
LEADER 00756nab a2200205 i 4500
001 acta22869
005 20210413101146.0
008 161017s2007 hu o 0|| eng d
022 |a 1588-385X 
040 |a SZTE Egyetemi Kiadványok Repozitórium  |b hun 
041 |a eng 
100 1 |a Paryani Mohammad Reza 
245 1 0 |a Left thoracic duct in donkey  |h [elektronikus dokumentum] /  |c  Paryani Mohammad Reza 
260 |c 2007 
300 |a 37 
490 0 |a Acta biologica Szegediensis  |v 51 No. supple 
695 |a Természettudomány, Biológia 
700 0 1 |a Gilanpour Hassan  |e aut 
710 |a International Symposium of Morphological Sciences, 19., 2007, Budapest 
856 4 0 |u http://acta.bibl.u-szeged.hu/22869/1/biologica_051_numb_001_suppl_037.pdf  |z Dokumentum-elérés